El cementerio peligroso
Salvato in:
| Autore principale: | |
|---|---|
| Natura: | Libro |
| Lingua: | spagnolo |
| Pubblicazione: |
Madrid
Siruela
1984
|
| Serie: | Selección de Lecturas Medievales, 11
|
| Soggetti: | |
| Tags: |
Aggiungi Tag
Nessun Tag, puoi essere il primo ad aggiungerne!!
|
MARC
| LEADER | 00000nam a2200000 a 4500 | ||
|---|---|---|---|
| 001 | UCV7517 | ||
| 003 | CL-VaPUC | ||
| 008 | 880616e19840000SP |||||||||||||||||spa|d | ||
| 082 | 0 | 4 | |a 843 |b CIR |2 21 |
| 100 | 0 | |a Cirlot, Victoria |e author |9 301643 | |
| 245 | 1 | 3 | |a El cementerio peligroso |
| 300 | |a 160 p | ||
| 942 | |c BK | ||
| 945 | |d 19880616 00:00:00 |a aalvarez | ||
| 260 | |a Madrid |b Siruela |c 1984 | ||
| 650 | 7 | |a LITERATURA FRANCESA ANTERIOR A 1500 |2 CL-VaPUC |9 264980 | |
| 650 | 7 | |a LIBROS DE CABALLERIAS NOVELA |2 CL-VaPUC |9 264981 | |
| 650 | 7 | |a NOVELA FRANCESA |2 CL-VaPUC |9 301644 | |
| 650 | 0 | |a Romances |9 301645 | |
| 583 | |a last modification |c 19880616 00:00:00 |k Rodrigo Vera | ||
| 490 | 0 | |a Selección de Lecturas Medievales, 11 | |
| 999 | |c 213178 |d 213176 | ||
| 952 | |0 0 |1 0 |4 0 |6 843_000000000000000_CIR_1984 |7 0 |8 A |9 195295 |a BIBHIS |b BIBHIS |d 2019-11-14 |i 3065898 |o 843 CIR 1984 |p 3065898 |r 2025-01-20 |w 2019-11-14 |y BK |k HIS | ||